000 01064nam a2200205Ia 4500
008 0000001999 pr a 0000000000spa00
090 _aPUS00 C66r
100 1 _aCookRutnik, Janet
245 1 0 _aRecuerdos, pinturas e instalaciones de Janet CookRutnik
_c/ ensayos José Antonio Pérez Ruiz, Manuel Alvarez Lezama, Marianne de Tolentino ; traducciones José A. Peláez ; fotografías Naru Inui
300 _a8 p.
_c/ 25 cm.
500 _aExposición realizada en Museo de las Américas, San Juan de Puerto Rico, Noviembre 228, 1999 \ Con el patronazgo del maestro venezolano Jesús Rafael Soto (q.e.p.d.)
600 0 0 _a COOKRUTNIK, JANET./
_xTRABAJOS PICTORICOS
650 1 4 _a PINTURA ESTADOUNIDENSE
650 1 4 _aARTE CONTEMPORANEO ESTADOUNIDENSE
650 1 4 _xCATALOGOS
650 1 4 _xEXPOSICIONES
650 1 4 _aPINTORES ESTADOUNIDENSES
700 1 _aPérez Ruiz, José Antonio \ Alvarez Lezama, Manuel \ Tolentino , Marianne de \ Peláez, José A. , tr. \ Inui, Naru
999 _c1327
_d1327
260 _aSan Juan (Puerto Rico) : Museo de las Américas
_c1999